000 00427nam a2200157 i 4500
001 63435
003 ES-MaACL
005 20230906164851.0
007 t|
008 031210s1960 sp ||||1| spa d
100 1 _aFerrer, Ricardo.
_950435
245 1 0 _aContadores eléctricos /
_cpor Ricardo Ferrer.
260 _aBarcelona :
_bSintes,
_c[1960]
300 _a212 p. :
_bil. ;
_c23 cm.
852 _aES-MaACL
_jC-29753
_bR.60493
999 _c63435
_d63435